FIFA World Cup 2006: Final Italy vs France - Statistics

General Stats
  • This quiz has been taken 518 times
  • The average score is 19 of 30
Answer Stats
# Team Position Player % Correct
1 Juventus FC GK Gianluigi Buffon
98%
10 Real Madrid MF / 1 goal / red card 110' Zinédine Zidane
95%
10 AS Roma FW / out 61' Francesco Totti
91%
12 Arsenal FC FW / out 107' Thierry Henry
90%
21 AC Milan MF Andrea Pirlo
89%
5 Juventus FC DF Fabio Cannavaro
86%
23 Inter Milan DF / 1 goal Marco Materazzi
82%
7 Juventus FC FW / in 86' Alessandro Del Piero
77%
16 Olympique de Marseille GK Fabien Barthez
75%
8 AC Milan MF Gennaro Gattuso
75%
4 AS Roma MF / in 61' Daniele De Rossi
73%
20 Juventus FC FW / in 100' David Trezeguet
73%
15 Juventus FC DF Lilian Thuram
69%
9 ACF Fiorentina FW Luca Toni
69%
3 US Palermo DF Fabio Grosso
68%
22 Olympique de Marseille MF / out 100' Franck Ribéry
62%
19 Juventus FC DF Gianluca Zambrotta
61%
6 Chelsea FC MF Claude Makélélé
60%
Coach Marcello Lippi
54%
16 Juventus FC MF / out 86' Mauro Camoranesi
54%
4 Juventus FC MF / out 56' Patrick Vieira
53%
7 Olympique Lyonnais MF Florent Malouda
52%
19 Bayern München DF Willy Sagnol
51%
5 Chelsea FC DF William Gallas
43%
3 Olympique Lyonnais DF Éric Abidal
39%
15 Udinese Calcio FW / in 61' Vincenzo Iaquinta
39%
20 AS Roma MF / out 61' Simone Perrotta
38%
11 Olympique Lyonnais FW / in 107' Sylvain Wiltord
37%
Coach Raymond Domenech
32%
18 RC Lens MF / in 56' Alou Diarra
19%
No matching quizzes found
Score Distribution
Percent of People with Each Score
Percentile by Number Answered
Your Score History
You have not taken this quiz